Tượng cổ ChamPa - Những phát hiện gần đây
Giới thiệu các bức tượng tại Quảng Trị và Huế; Quảng Nam và Bình Định
Đã lưu trong:
| Tác giả chính: | |
|---|---|
| Định dạng: | Sách |
| Ngôn ngữ: | Undetermined |
| Được phát hành: |
Tp. HCM
Văn hóa - Văn nghệ
2019
|
| Những chủ đề: | |
| Truy cập trực tuyến: | http://lrc.tdmu.edu.vn/opac/search/detail.asp?aID=2&ID=41799 |
| Các nhãn: |
Thêm thẻ
Không có thẻ, Là người đầu tiên thẻ bản ghi này!
|
| Thư viện lưu trữ: | Trung tâm Học liệu Trường Đại học Thủ Dầu Một |
|---|
| LEADER | 00843nam a2200205Ia 4500 | ||
|---|---|---|---|
| 001 | TDMU_41799 | ||
| 008 | 210410s9999 xx 000 0 und d | ||
| 082 | |a 633.18 | ||
| 090 | |b NG450 | ||
| 100 | |a Ngô, Văn Doanh | ||
| 245 | 0 | |a Tượng cổ ChamPa - Những phát hiện gần đây | |
| 245 | 0 | |c Ngô Văn Doanh | |
| 260 | |a Tp. HCM | ||
| 260 | |b Văn hóa - Văn nghệ | ||
| 260 | |c 2019 | ||
| 300 | |a 421 tr. | ||
| 520 | |a Giới thiệu các bức tượng tại Quảng Trị và Huế; Quảng Nam và Bình Định | ||
| 650 | |a Nghệ thuật điêu khắc |z Việt Nam; Tượng |z ChamPa (Vương Quốc); Điêu khắc Champa | ||
| 856 | |u http://lrc.tdmu.edu.vn/opac/search/detail.asp?aID=2&ID=41799 | ||
| 980 | |a Trung tâm Học liệu Trường Đại học Thủ Dầu Một | ||